000 01045nam a2200253Ia 4500
003 OSt
005 20220918110850.0
006 a|||||r|||| 00| 0
007 ta
008 220915b |||||||| |||| 00| 0 hin d
024 _a242777
037 _cReference Collections
040 _aARTS
_cARTS
_bhin
041 _2hin
_ahin
082 _aO152,x, M4(RR)
100 _aगुप्त, गार्गी, संपा.
245 0 _aअनुवाद सुक्तियां
_b राष्ट्रीय एंव अन्तर्राष्ट्रीय संदर्भ में
246 _aAnuvād suktiyāan: rāṣhṭrīya eanva antarrāṣhṭrīya sandarbha mean
260 _aनई दिल्ली
_bभारतीय अनुवाद परिषद भारत
_c1984
300 _a32पृ0
650 _aहिन्दी साहित्य
942 _hO152,x, M4(RR)
_cREF
999 _c115337
_d115337